Statistics for Countries with the most overseas Indians

Click here to take the quiz!

General Stats

  • This quiz has been taken 67 times
  • The average score is 14 of 20

Answer Stats

#Country% Correct
1,825,000United Kingdom
98%
4,121,944United States
98%
496,000Australia
93%
1,016,185Canada
93%
3,104,586United Arab Emirates
92%
2,814,568Saudi Arabia
90%
929,903Kuwait
85%
692,039Qatar
85%
2,987,950Malaysia
82%
689,145Oman
82%
316,175Bahrain
77%
1,560,000South Africa
77%
650,000Singapore
75%
1,614,000Sri Lanka
73%
600,000Nepal
72%
2,008,991Myanmar
58%
315,198Fiji
33%
894,500Mauritius
28%
556,800Trinidad and Tobago
27%
297,793Guyana
22%

Score Distribution

Percentile by Number Answered

Percent of People with Each Score

Your Score History

You have not taken this quiz